فاعلية برنامج الوظائف التنفيذية فـــي تنمية التواصل الاجتماعي لـــــدى الأطفال ذوي الإصابة الدماغية / (رقم التسجيلة. 179522)

تفاصيل مارك
000 -LEADER
fixed length control field 05442namaa22004331i 4500
003 - CONTROL NUMBER IDENTIFIER
control field OSt
005 - أخر تعامل مع التسجيلة
control field 20260418124651.0
008 - FIXED-LENGTH DATA ELEMENTS--GENERAL INFORMATION
fixed length control field 250827s2025 ua a|||frm||| 000 0 eng d
040 ## - CATALOGING SOURCE
Original cataloguing agency EG-GICUC
Language of cataloging ara
Transcribing agency EG-GICUC
Modifying agency EG-GICUC
Description conventions rda
041 0# - LANGUAGE CODE
Language code of text/sound track or separate title ara
Language code of summary or abstract ara
-- eng
049 ## - Acquisition Source
Acquisition Source إيداع
082 04 - DEWEY DECIMAL CLASSIFICATION NUMBER
Classification number 371.928
092 ## - LOCALLY ASSIGNED DEWEY CALL NUMBER (OCLC)
Classification number 371.928
Edition number 21
097 ## - Degree
Degree مــــاجستير
099 ## - LOCAL FREE-TEXT CALL NUMBER (OCLC)
Local Call Number Cai01.26.03.M.Sc.2025.خل.ف
100 0# - MAIN ENTRY--PERSONAL NAME
Authority record control number or standard number ،خلود محمد إبراهيم محمد منصور
Preparation إعداد.
245 10 - TITLE STATEMENT
Title فاعلية برنامج الوظائف التنفيذية فـــي تنمية التواصل الاجتماعي لـــــدى الأطفال ذوي الإصابة الدماغية /
Statement of responsibility, etc. إعداد خلود محمد إبراهيم محمد منصور؛ إشراف أ.د / شحاتة سليمان محمد، أ.م. د / أحمد عبد الرحيم العمري.
246 15 - VARYING FORM OF TITLE
Title proper/short title Effectiveness of an executive function program in enhancing social communication in children with brain injuries /
264 #0 - PRODUCTION, PUBLICATION, DISTRIBUTION, MANUFACTURE, AND COPYRIGHT NOTICE
Date of production, publication, distribution, manufacture, or copyright notice 2025.
300 ## - PHYSICAL DESCRIPTION
Extent 157 صفحة :
Other physical details إيضاحيات ؛
Dimensions 25 سم. +
Accompanying material CD.
336 ## - CONTENT TYPE
Content type term text
Source rda content
337 ## - MEDIA TYPE
Media type term Unmediated
Source rdamedia
338 ## - CARRIER TYPE
Carrier type term volume
Source rdacarrier
502 ## - DISSERTATION NOTE
Dissertation note أطروحة (ماجستير)-جامعة القاهرة، 2025.
504 ## - BIBLIOGRAPHY, ETC. NOTE
Bibliography, etc. note ببليوجرافيا: صفحات 142-152.
520 ## - SUMMARY, ETC.
Summary, etc. هدف البحث الحالي إلى تحسين التواصل الاجتماعي لدى الأطفال ذوي الإصابة الدماغية من خلال برنامج قائم على الوظائف التنفيذية، وتكونت عينة الدراسة من (6) أطفال من الذكور والإناث المترددين على عيادة النطق والكلام بكلية العلاج الطبيعي جامعة القاهرة، وتراوحت أعمارهم ما بين (4 – 8) سنوات وتراوحت نسبة ذكائهم (70 – 89)، وشملت أدوات الدراسة مقياس التواصل الاجتماعي (إعداد الباحثة) وبرنامج تنمية التواصل الاجتماعي القائم على الوظائف التنفيذية (إعداد الباحثة)، اختبار استانفورد بينية الصورة الخامسة (إعداد: أبو النيل 2011)، وأسفرت نتائج البحث عن فاعلية الوظائف التنفيذية لتحسين التواصل الاجتماعي لدى الأطفال ذوي الإصابة الدماغية، ووجود فروق ذات دلالة إحصائية بين متوسطي درجات أطفال الإصابة الدماغية في القياسين القبلي والبعدي بعد تطبيق البرنامج القائم على الوظائف التنفيذية في اتجاه القياس البعدي على مقياس التواصل الاجتماعي، ولا توجد فروق ذات دلالة إحصائية بين متوسطات درجات الأطفال ذوي الإصابة الدماغية في القياسين البعدي والتتبعي بعد تطبيق البرنامج على مقياس التواصل الاجتماعي بعد مرور شهر من القياس البعدي.
520 ## - SUMMARY, ETC.
Summary, etc. This aim of the current research is to improve social communication in children with brain injuries through a program based on executive functions , the study sample consisted of six children (both boys and girls) with brain injuries who were attending the speech and language clinic at the faculty of physical therapy – Cairo university , their ages ranged from4 to 8 years ,and their IQ scores were between (70 to 89) ,the study tools included the social communication scale (developed by the researcher), the executive function based social communication program (developed by the researcher) , and the stanford – binet fifth edition test (developed by Abu El-Nil, 2011)And The results of the research revealed the effectiveness of executive functions in children with brain injuries , there were statistically significant differences between the mean ranks of the brain-injured children’s scores in the pre-test and post-test after implementing the executive function- based social communication program , with the post –test showing better results on the social communication scale ,and there were no statistically significant differences between the mean scores of children with brain-injuries in the post-test and follow –up test on the social communication scale l one month after the post –test.
530 ## - ADDITIONAL PHYSICAL FORM AVAILABLE NOTE
Issues CD صدر أيضًا كقرص مدمج.
546 ## - LANGUAGE NOTE
Text Language النص بالعربية والملخص باللغة الإنجليزية والعربية.
650 #7 - SUBJECT ADDED ENTRY--TOPICAL TERM
Topical term or geographic name entry element الاطفال الشواذ
Source of heading or term qrmak
650 #7 - SUBJECT ADDED ENTRY--TOPICAL TERM
Topical term or geographic name entry element الإصابة الدماغية
653 #0 - INDEX TERM--UNCONTROLLED
Uncontrolled term الإصابة الدماغية
-- التواصل الاجتماعي
-- الوظائف التنفيذية
700 0# - ADDED ENTRY--PERSONAL NAME
Personal name شحاتة سليمان محمد
Relator term مشرف أطروحة.
700 0# - ADDED ENTRY--PERSONAL NAME
Personal name أحمد عبد الرحيم العمري
Relator term مشرف أطروحة.
900 ## - Thesis Information
Grant date 11-03-2025
Supervisory body شحاتة سليمان محمد
-- أحمد عبد الرحيم العمري
Discussion body جمال شفيق أحمد
-- هبه إسماعيل متولي
Universities جامعة القاهرة
Faculties كلية التربيه للطفولة المبكرة
Department قسم العلوم النفسية
905 ## - Cataloger and Reviser Names
Cataloger Name Sara Salah
Reviser Names Afaf
942 ## - ADDED ENTRY ELEMENTS (KOHA)
Source of classification or shelving scheme Dewey Decimal Classification
Koha item type Thesis
Edition 21
Suppress in OPAC No
المقتنيات
Source of classification or shelving scheme Home library Current library Date acquired Inventory number Full call number Barcode Date last seen Effective from Koha item type
Dewey Decimal Classification المكتبة المركزبة الجديدة - جامعة القاهرة قاعة الرسائل الجامعية - الدور الاول 16.04.2026 33109 Cai01.26.03.M.Sc.2025.خل.ف 01010100033109000 16.04.2026 16.04.2026 Thesis
Cairo University Libraries Portal Implemented & Customized by: Eng. M. Mohamady Contacts: new-lib@cl.cu.edu.eg | cnul@cl.cu.edu.eg
CUCL logo CNUL logo
© All rights reserved — Cairo University Libraries
CUCL logo
Implemented & Customized by: Eng. M. Mohamady Contact: new-lib@cl.cu.edu.eg © All rights reserved — New Central Library
CNUL logo
Implemented & Customized by: Eng. M. Mohamady Contact: cnul@cl.cu.edu.eg © All rights reserved — Cairo National University Library